Газоснабжение: устройство и эксплуатация газового хозяйства: учебное пособие для вузов

Detalles Bibliográficos
Autor Principal: Кязимов К. Г. Карл Гасанович
Outros autores: Гусев В. Е. Виктор Егорович
Summary:Серия "Университеты России" позволит высшим учебным заведениям нашей страны использовать в образовательном процессе издания (в том числе учебники и учебные пособия по различным дисциплинам), подготовленные преподавателями лучших университетов России и впервые опубликованные в издательствах университетов. Все представленные в этой серии работы прошли экспертную оценку учебно-методического отдела издательства и публикуются в оригинальной редакции. В учебнике рассмотрены особенности структуры газового хозяйства в России и управления им. Охарактеризованы свойства горючих газов, процессы использования газового топлива и эксплуатации подземных газопроводов. Описаны устройство и использование бытовой газовой аппаратуры, газовое оборудование коммунально-бытовых предприятий. Отдельная глава посвящена безопасности труда в газовом хозяйстве. Каждая глава сопровождается контрольными вопросами для самопроверки. Для студентов высших учебных учреждений. Также учебник может быть использован при обучении работников газовых хозяйств.
Idioma:ruso
Publicado: Москва, Юрайт, 2018
Edición:6-е изд., испр. и доп.
Series:Университеты России
Subjects:
Formato: MixedMaterials Libro
KOHA link:https://koha.lib.tpu.ru/cgi-bin/koha/opac-detail.pl?biblionumber=342078

MARC

LEADER 00000nam0a2200000 4500
001 342078
005 20231102005420.0
010 |a 9785534088366 
035 |a (RuTPU)RU\TPU\book\370596 
090 |a 342078 
100 |a 20181205d2018 m y0rusy50 ca 
101 0 |a rus 
102 |a RU 
105 |a a j 001zy 
200 1 |a Газоснабжение: устройство и эксплуатация газового хозяйства  |e учебное пособие для вузов  |f К. Г. Кязимов, В. Е. Гусев 
205 |a 6-е изд., испр. и доп. 
210 |a Москва  |c Юрайт  |d 2018 
215 |a 431 с.  |c ил. 
225 1 |a Университеты России 
320 |a Библиогр.: с. 431 
330 |a Серия "Университеты России" позволит высшим учебным заведениям нашей страны использовать в образовательном процессе издания (в том числе учебники и учебные пособия по различным дисциплинам), подготовленные преподавателями лучших университетов России и впервые опубликованные в издательствах университетов. Все представленные в этой серии работы прошли экспертную оценку учебно-методического отдела издательства и публикуются в оригинальной редакции. В учебнике рассмотрены особенности структуры газового хозяйства в России и управления им. Охарактеризованы свойства горючих газов, процессы использования газового топлива и эксплуатации подземных газопроводов. Описаны устройство и использование бытовой газовой аппаратуры, газовое оборудование коммунально-бытовых предприятий. Отдельная глава посвящена безопасности труда в газовом хозяйстве. Каждая глава сопровождается контрольными вопросами для самопроверки. Для студентов высших учебных учреждений. Также учебник может быть использован при обучении работников газовых хозяйств. 
606 1 |a Газоснабжение  |2 stltpush  |3 (RuTPU)RU\TPU\subj\5212  |9 33342 
610 1 |a города 
610 1 |a населенные пункты 
610 1 |a газовое хозяйство 
610 1 |a организационная структура 
610 1 |a управление 
610 1 |a горючие газы 
610 1 |a свойства 
610 1 |a газовое топливо 
610 1 |a использование 
610 1 |a газовые горелки 
610 1 |a подземные газопроводы 
610 1 |a эксплуатация 
610 1 |a защита от коррозии 
610 1 |a газорегуляторные пункты 
610 1 |a бытовая газовая аппаратура 
610 1 |a коммунально-бытовые предприятия 
610 1 |a газовое оборудование 
610 1 |a промышленные печи 
610 1 |a котлы 
610 1 |a сжиженные углеродные газы 
610 1 |a безопасность труда 
610 1 |a учебные пособия 
675 |a 696.2(075.8)  |v 4 
700 1 |a Кязимов  |b К. Г.  |g Карл Гасанович 
701 1 |a Гусев  |b В. Е.  |g Виктор Егорович 
801 1 |a RU  |b 63413507  |c 20181205 
801 2 |a RU  |b 63413507  |c 20190208  |g RCR 
942 |c BK 
959 |a 2/20180221  |d 1  |e 809,99  |f ЧЗТЛ:1